Statistics for Capital Cities Beginning with "B"

Click here to take the quiz!

General Stats

  • This quiz has been taken 3,653 times
    (3,573 since last reset)
  • The average score is 17 of 27

Answer Stats

Continent Answer % Correct
EuropeBerlin
84%
South AmericaBrasilia
84%
South AmericaBogota
84%
South AmericaBuenos Aires
81%
EuropeBrussels
81%
EuropeBudapest
78%
EuropeBucharest
78%
EuropeBelgrade
73%
AsiaBeijing
73%
EuropeBern
72%
EuropeBratislava
71%
AsiaBangkok
71%
North AmericaBelmopan
62%
AsiaBaghdad
61%
North AmericaBridgetown
59%
AsiaBeirut
58%
AsiaBaku
55%
AfricaBamako
53%
AsiaBishkek
50%
AfricaBrazzaville
49%
AfricaBanjul
47%
AfricaBangui
46%
AsiaBandar Seri Begawan
46%
AfricaBujumbura
44%
North AmericaBasseterre
42%
AfricaBissau
38%
AfricaBloemfontein
27%

Score Distribution

Percentile by Number Answered

Percent of People with Each Score

Your Score History

You have not taken this quiz since the last reset